| 000 | 00427nam a2200181Ia 4500 | ||
|---|---|---|---|
| 005 | 20250603145219.0 | ||
| 008 | 250603s9999 xx 000 0 und d | ||
| 020 | _a9789789452163 | ||
| 050 | _aJZ 1242 .H35/ | ||
| 100 | _aHalidu, Agaba | ||
| 245 | 0 | _aIssues in international relations | |
| 260 | _aAbuja | ||
| 260 | _bTrue Image Global Resources | ||
| 260 | _c2015 | ||
| 300 | _a214 p | ||
| 650 | _aAbuja | ||
| 942 | _cBK | ||
| 999 |
_c41205 _d41205 |
||